000 01327 a2200169 4500
003 Nust
005 20230406102734.0
040 _cNust
082 _a954.1,KHA
100 _aKhaliquzzaman, Choudhry
_9111760
245 _aPathway To Pakistan /
_cChoudhry Khaliquzzman
260 _apakistan
_bLongmans
300 _a432:p
505 _aMy Family (Page-1), Early Years in Luck now 1889-1907 (Page-5), Aligarh (Page-14), Balkan war and Medical Mission 1912-1913 (Page-20), Political Debut and First World War 1914-1916 (Page-28), Muslim League (Page-36) Khilafat and Congress (Page-51), Repression and Imprisonment (Page-60), The Simon Commission and All – Parties Conferences (Page-92), Communal Award and Unity Board 1933-34 (Page-117), The Congress-League Rift Widens 1937-38 (Page-169), Factional Disputes and the Second World War 1939 (Page-212), The Lahore Resolution 1940 (Page-230), The War Effort Controversy 1940-41 (Page-241), The Quit India Movement 1942-43 (Page-282), The Rajaji Formula 1944 (Page-308), The Election and Convention 1946 (Page-332), The Cabinet Mission Plan 1946 (Page-346), The Interim Government1946 (Page-363), Independence and Partition 1947 (Page-375), India in Ferment 1947 (Page-387), To Pakistan 1947 (Page-401).
650 _aPathway To Pakistan
_9111761
942 _2ddc
_cBK
_k954.1,KHA
999 _c187410
_d187410